College Football Rivalry Games - Statistics

General Stats
  • This quiz has been taken 162 times
    115 since last reset
  • The average score is 6 of 12
Answer Stats
Opponents Name % Correct
Alabama Auburn Iron Bowl
93%
Michigan Ohio State The Game
91%
Oklahoma Texas Red River Showdown
76%
Utah BYU Holy War
61%
Ole Miss Mississippi State Egg Bowl
56%
Washington Washington State Apple Cup
54%
Kansas Missouri Border War
46%
Oregon Oregon State Civil War
46%
Georgia Georgia Tech Clean, Old-Fashioned Hate
30%
Cal Stanford The Big Game
27%
LSU Ole Miss Magnolia Bowl
16%
Maryland Navy Crab Bowl Classic
5%
No matching quizzes found
Score Distribution
Percent of People with Each Score
Percentile by Number Answered
Your Score History
You have not taken this quiz since the last reset